| 000 | 01516cam a2200253 4500 | ||
|---|---|---|---|
| 001 | ABS68359 | ||
| 008 | 041021n2004 000 0 eng u | ||
| 035 | _a(Sirsi) u127786 | ||
| 100 | _aRees, N. | ||
| 245 | 4 | _aThe right balance | |
| 260 | _c2004 | ||
| 490 |
_aEstates Gazette _v(0441) 9 October 2004, 148-149(2) |
||
| 520 | _aReviews the enfranchisement rights of tenants of live/work units but warns that the right can be lost if sufficient business use is required under a user clause. Describes the development of the live/work concept and its bearing on current tenants' rights to enfranchise. Tenants need to know what live/work means as it affects the way they can use their premises and indirectly impinges on their right to enfranchise. In "Bishopsgate Foundation v Curtis" (LCCC, 3 September 2004,Abs68451) the court decided that the wording live/work meant live and/or work at the time that the lease was granted and thus the tenant (C) qualified under the terms of the Leasehold Reform, Housing and Urban and Development Act 1993 to a new 90-year lease. In planning terms however, the meaning of live/work appears to have moved from live and/or work to live and work. Provides a checklist for enfranchisement. | ||
| 590 | _aABS | ||
| 590 | _aABS | ||
| 650 | _aENFRANCHISEMENT | ||
| 650 | _aTENANTS | ||
| 650 | _aBISHOPSGATE FOUNDATION V CURTIS | ||
| 650 | _aUSER CLAUSES | ||
| 650 | _aBUSINESS USE | ||
| 650 | _aLIVE/WORK UNITS | ||
| 690 | _aLANDLORD AND TENANT-LEASES | ||
| 942 | _n0 | ||
| 999 |
_c118206 _d118206 |
||